| 000 | 01143nam a22003135i 4500 | ||
|---|---|---|---|
| 999 |
_c28959 _d28930 |
||
| 001 | 015333952 | ||
| 003 | EG-ScBUE | ||
| 005 | 20201019150157.0 | ||
| 008 | 090402t20102010njua f b 001 0 eng d | ||
| 020 | _a9780136109501 (pbk.) | ||
| 020 | _a0136109500 (pbk.) | ||
| 040 |
_aStDuBDS _beng _erda _cStDuBDS _dUk _dEG-ScBUE |
||
| 082 | 0 | 4 |
_a620.11 _bBUD _222 |
| 100 | 1 |
_aBudinski, Kenneth G., _eauthor. |
|
| 245 | 1 | 0 |
_aEngineering materials : _bproperties and selection / _cKenneth G. Budinski, Technical Director, Bud Labs, Michael K. Budinski, Manager, Materials Analysis, General Motors Corporation, Fuel Cell Research. |
| 250 | _aNinth edition. | ||
| 250 | _aInternational edition. | ||
| 264 | 1 |
_aUpper Saddle River, New Jersey : _bPearson Education, _c[2010] |
|
| 264 | 4 | _cc2010 | |
| 300 |
_ax, 774 pages : _billustrations ; _c28 cm |
||
| 336 |
_atext _btxt _2rdacontent |
||
| 337 |
_aunmediated _bn _2rdamedia |
||
| 338 |
_avolume _bnc _2rdacarrier |
||
| 504 | _aIncludes bibliographical references and index. | ||
| 650 | 0 | _aMaterials. | |
| 653 |
_bENGGEN _cOctober2020 |
||
| 700 | 1 |
_aBudinski, Michael K., _eauthor. |
|
| 942 |
_2ddc _cBB |
||